| Tag |
First Indicator |
Second Indicator |
Subfields |
| LEADER |
00000cas a2200000 a 4500 |
| 001 |
in00001998413 |
| 005 |
20151031120100.0 |
| 008 |
950706d1996199uctubr1p 0 a0eng d |
| 010 |
|
|
|a sf 96091709
|z sn 95007383
|
| 022 |
0 |
|
|a 1083-3072
|
| 035 |
|
|
|a (OCoLC)ocm32771377
|
| 037 |
|
|
|b Taunton Press, Inc., PO Box 5506, Newtown, CT 06470
|c $19.95
|
| 040 |
|
|
|a NSD
|c NSD
|d DLC
|d NSD
|d HUL
|d NSD
|d DLC
|d OCLCQ
|d TXA
|d UtOrBLW
|
| 042 |
|
|
|a nsdp
|a lcd
|
| 049 |
|
|
|a TXAM
|
| 050 |
0 |
0 |
|a WMLC 96/233
|
| 082 |
1 |
0 |
|a 635
|2 12
|
| 090 |
|
|
|a SB320
|b .T38
|
| 210 |
0 |
|
|a Taunton's kitchen gard.
|
| 222 |
|
0 |
|a Taunton's kitchen garden
|
| 245 |
0 |
0 |
|a Taunton's kitchen garden.
|
| 246 |
3 |
0 |
|a Kitchen garden
|
| 264 |
|
1 |
|a Newtown, CT :
|b Taunton Press,
|c [1996-]
|
| 264 |
|
4 |
|c ©1996-
|
| 300 |
|
|
|a volumes :
|b illustrations ;
|c 28 cm.
|
| 310 |
|
|
|a Bimonthly
|
| 336 |
|
|
|a text
|b txt
|2 rdacontent
|
| 337 |
|
|
|a unmediated
|b n
|2 rdamedia
|
| 338 |
|
|
|a volume
|b nc
|2 rdacarrier
|
| 362 |
0 |
|
|a No. 1 (Feb./Mar. 1996)-
|
| 500 |
|
|
|a Title from cover.
|
| 536 |
|
|
|a Donated from the cookery collection of Jean and James Presnal '49, September 2004.
|
| 650 |
|
0 |
|a Vegetable gardening
|v Periodicals.
|
| 650 |
|
0 |
|a Cooking
|v Periodicals.
|
| 650 |
|
0 |
|a Herb gardening
|v Periodicals.
|
| 650 |
|
0 |
|a Gardens
|x Design
|v Periodicals.
|
| 785 |
0 |
0 |
|t Taunton's kitchen gardener
|x 1523-6382
|w (DLC)sn 99003337
|w (OCoLC)40710570
|
| 850 |
|
|
|a DLC
|
| 994 |
|
|
|a E0
|b TXA
|
| 948 |
|
|
|a cataloged
|b h
|c 2004/9/29
|d c
|e coplinger
|f 5:49:37 pm
|
| 999 |
|
|
|a MARS
|
| 999 |
f |
f |
|s a26f93a1-5924-3175-950a-7d9a8b729b93
|i 59f38225-9508-33aa-bec0-5228e7a8576a
|t 0
|
| 952 |
f |
f |
|p ric
|a Texas A&M University
|b Rellis Campus
|c Joint Library Facility
|d Remote Storage
|t 0
|e SB320 .T38
|h Library of Congress classification
|i unmediated -- volume
|k no.7
|l 1997:Mar.
|m A14833692003
|
| 952 |
f |
f |
|p ric
|a Texas A&M University
|b Rellis Campus
|c Joint Library Facility
|d Remote Storage
|t 0
|e SB320 .T38
|h Library of Congress classification
|i unmediated -- volume
|k no.10
|l 1997:Sept.
|m A14833691968
|
| 998 |
f |
f |
|a SB320 .T38
|s no.7,10 (1997:Mar.,Sept.)
|t 0
|l Remote Storage
|